[Event "2024 US National High School (K-12) Championship"]
[Site "Baltimore, Maryland, United States"]
[Date "2024.04.05"]
[Round "2.22"]
[White "Aggarwal, Raghav"]
[Black "Pencille, Jonluke"]
[Result "1-0"]
[TimeControl "G/90; d10"]
[WhiteFideId "30970911"]
[BlackFideId "39919986"]
[WhiteElo "1858"]
[BlackElo "1669"]

1. e4 {[%clk 01:30:00]} {[%emt 00:00:04]} e5 {[%clk 01:30:00]} 2. Nf3 {[%clk
01:29:55]} {[%emt 00:00:04]} Nc6 {[%clk 01:30:00]} {[%emt 00:00:08]} 3. Bb5
{[%clk 01:29:55]} {[%emt 00:00:05]} Nf6 {[%clk 01:28:31]} {[%emt 00:01:36]} 4.
d3 {[%clk 01:29:55]} {[%emt 00:00:22]} h6 {[%clk 01:28:20]} {[%emt 00:00:05]} 5.
Bxc6 {[%clk 01:28:58]} {[%emt 00:01:06]} dxc6 {[%clk 01:28:20]} {[%emt
00:00:09]} 6. Nxe5 {[%clk 01:28:41]} {[%emt 00:00:25]} Bd6 {[%clk 01:28:19]}
{[%emt 00:00:25]} 7. Nc4 {[%clk 01:27:11]} {[%emt 00:01:27]} Qe7 {[%clk
01:18:07]} {[%emt 00:10:22]} 8. Qe2 {[%clk 01:14:26]} {[%emt 00:12:54]} Be6
{[%clk 01:10:25]} {[%emt 00:08:13]} 9. Ne3 {[%clk 01:11:29]} {[%emt 00:02:46]}
Bc5 {[%clk 01:08:47]} {[%emt 00:01:48]} 10. Nc3 {[%clk 01:08:10]} {[%emt
00:03:29]} O-O-O {[%clk 01:07:08]} {[%emt 00:01:48]} 11. Bd2 {[%clk 01:07:28]}
{[%emt 00:00:53]} Kb8 {[%clk 01:01:01]} {[%emt 00:06:23]} 12. O-O-O {[%clk
01:04:26]} {[%emt 00:03:14]} Bxe3 {[%clk 01:00:36]} {[%emt 00:00:26]} 13. Bxe3
{[%clk 01:03:45]} {[%emt 00:00:51]} Ng4 {[%clk 01:00:27]} {[%emt 00:00:27]} 14.
Bf4 {[%clk 01:02:51]} {[%emt 00:00:57]} g5 {[%clk 00:58:49]} {[%emt 00:01:49]}
15. Bg3 {[%clk 01:02:18]} {[%emt 00:01:08]} Rhe8 {[%clk 00:57:23]} {[%emt
00:01:09]} 16. f3 {[%clk 01:00:42]} {[%emt 00:01:46]} Nf6 {[%clk 00:57:09]}
{[%emt 00:00:26]} 17. Qe3 {[%clk 00:58:57]} {[%emt 00:01:52]} Nd7 {[%clk
00:56:42]} {[%emt 00:00:44]} 18. h4 {[%clk 00:56:16]} {[%emt 00:03:13]} f6
{[%clk 00:43:27]} {[%emt 00:12:56]} 19. hxg5 {[%clk 00:54:50]} {[%emt
00:01:49]} hxg5 {[%clk 00:43:23]} {[%emt 00:00:14]} 20. d4 {[%clk 00:52:00]}
{[%emt 00:02:47]} f5 {[%clk 00:42:49]} {[%emt 00:00:50]} 21. exf5 {[%clk
00:49:59]} {[%emt 00:02:05]} Bxf5 {[%clk 00:42:36]} {[%emt 00:01:00]} 22. Qxe7
{[%clk 00:48:45]} {[%emt 00:00:46]} Rxe7 {[%clk 00:42:36]} {[%emt 00:00:17]} 23.
Rh5 {[%clk 00:47:38]} {[%emt 00:01:06]} Rg7 {[%clk 00:41:38]} {[%emt 00:01:05]}
24. Ne2 {[%clk 00:35:08]} {[%emt 00:12:53]} Nf6 {[%clk 00:40:51]} {[%emt
00:00:44]} 25. Rh6 {[%clk 00:34:03]} {[%emt 00:01:15]} Nd5 {[%clk 00:40:30]}
{[%emt 00:00:44]} 26. Be5 {[%clk 00:32:44]} {[%emt 00:01:23]} Rgd7 {[%clk
00:38:26]} {[%emt 00:02:07]} 27. Ng3 {[%clk 00:29:08]} {[%emt 00:03:45]} Rf8
{[%clk 00:32:31]} {[%emt 00:06:24]} 28. Nxf5 {[%clk 00:28:51]} {[%emt
00:00:09]} Rxf5 {[%clk 00:32:29]} {[%emt 00:00:31]} 29. Rh8+ {[%emt 00:00:27]}
1-0

[Event "2024 US National High School (K-12) Championship"]
[Site "Baltimore, Maryland, United States"]
[Date "2024.04.05"]
[Round "2.23"]
[White "Loredo, Kalab A"]
[Black "Kumar, Pranava"]
[Result "0-1"]
[TimeControl "G/90; d10"]
[BlackFideId "30949971"]
[WhiteElo "1332"]
[BlackElo "1599"]

1. d4 {[%clk 01:22:53]} {[%emt 00:07:16]} Nf6 {[%clk 01:29:57]} {[%emt
00:00:39]} 2. e3 {[%clk 01:22:42]} {[%emt 00:00:06]} e6 {[%clk 01:29:45]}
{[%emt 00:00:11]} 3. Bd3 {[%clk 01:22:36]} {[%emt 00:00:16]} c5 {[%clk
01:29:31]} {[%emt 00:00:25]} 4. c3 {[%clk 01:22:24]} {[%emt 00:00:27]} a6
{[%clk 01:29:16]} {[%emt 00:00:20]} 5. f4 {[%clk 01:21:58]} {[%emt 00:00:36]}
b5 {[%clk 01:28:55]} {[%emt 00:00:44]} 6. b3 {[%clk 01:21:27]} {[%emt
00:00:27]} Bb7 {[%clk 01:28:52]} {[%emt 00:00:20]} 7. Nf3 {[%clk 01:21:00]}
{[%emt 00:00:30]} Be7 {[%clk 01:27:53]} {[%emt 00:01:09]} 8. O-O {[%clk
01:20:51]} {[%emt 00:00:17]} O-O {[%clk 01:27:16]} {[%emt 00:00:51]} 9. Nbd2
{[%clk 01:20:15]} {[%emt 00:00:44]} Nd5 {[%clk 01:26:11]} {[%emt 00:01:15]} 10.
Nb1 {[%clk 01:19:11]} {[%emt 00:01:26]} f5 {[%clk 01:24:42]} {[%emt 00:01:26]}
11. a4 {[%clk 01:17:45]} {[%emt 00:01:40]} bxa4 {[%clk 01:23:38]} {[%emt
00:01:10]} 12. Rxa4 {[%clk 01:17:06]} {[%emt 00:00:48]} Bc6 {[%clk 01:23:27]}
{[%emt 00:00:22]} 13. Ra2 {[%clk 01:16:30]} {[%emt 00:00:47]} d6 {[%clk
01:22:21]} {[%emt 00:01:16]} 14. Qe2 {[%clk 01:14:08]} {[%emt 00:02:31]} Qb6
{[%clk 01:21:18]} {[%emt 00:01:14]} 15. Ba3 {[%clk 01:11:39]} {[%emt 00:02:38]}
Qxb3 {[%clk 01:16:55]} {[%emt 00:04:32]} 16. Rb2 {[%clk 01:10:56]} {[%emt
00:00:55]} Qa4 {[%clk 01:16:03]} {[%emt 00:01:03]} 17. c4 {[%clk 01:10:25]}
{[%emt 00:00:40]} Nf6 {[%clk 01:15:12]} {[%emt 00:01:14]} 18. Qd2 {[%clk
01:02:07]} {[%emt 00:08:15]} Bd7 {[%clk 01:08:59]} {[%emt 00:06:25]} 19. Rb6
{[%clk 00:55:37]} {[%emt 00:06:38]} Nc6 {[%clk 01:06:07]} {[%emt 00:03:12]} 20.
Rb7 {[%clk 00:47:17]} {[%emt 00:08:18]} Rab8 {[%clk 01:00:08]} {[%emt
00:06:10]} 21. Bc2 {[%clk 00:45:19]} {[%emt 00:02:08]} Qa5 {[%clk 00:58:25]}
{[%emt 00:01:53]} 22. Qxa5 {[%clk 00:41:28]} {[%emt 00:04:00]} Nxa5 {[%clk
00:58:25]} {[%emt 00:00:11]} 23. Ra7 {[%clk 00:41:16]} {[%emt 00:00:17]} Rb6
{[%clk 00:57:26]} {[%emt 00:01:07]} 24. dxc5 {[%clk 00:41:01]} {[%emt
00:00:27]} dxc5 {[%clk 00:57:11]} {[%emt 00:00:23]} 25. Ne5 {[%clk 00:40:41]}
{[%emt 00:00:36]} Rd8 {[%clk 00:55:07]} {[%emt 00:02:07]} 26. Rd1 {[%clk
00:40:41]} {[%emt 00:00:29]} Bd6 {[%clk 00:51:15]} {[%emt 00:03:46]} 27. Bxc5
{[%clk 00:38:52]} {[%emt 00:01:50]} Bxc5 {[%clk 00:50:49]} {[%emt 00:00:39]} 28.
Nxd7 {[%clk 00:38:07]} {[%emt 00:01:06]} Nxd7 {[%clk 00:49:03]} {[%emt
00:01:43]} 29. Rdxd7 {[%clk 00:35:48]} {[%emt 00:02:27]} Bxe3+ {[%clk
00:48:07]} {[%emt 00:01:06]} 30. Kf1 {[%clk 00:35:17]} {[%emt 00:00:51]} Rxd7
{[%clk 00:47:19]} {[%emt 00:00:49]} 31. Rxd7 {[%clk 00:35:11]} {[%emt
00:00:41]} Nxc4 {[%clk 00:46:46]} {[%emt 00:00:17]} 32. g3 {[%clk 00:32:24]}
{[%emt 00:03:01]} Bc5 {[%clk 00:42:14]} {[%emt 00:04:38]} 33. Rc7 {[%clk
00:31:04]} {[%emt 00:01:35]} Ne3+ {[%clk 00:40:50]} {[%emt 00:01:28]} 34. Ke2
{[%clk 00:29:17]} {[%emt 00:01:57]} Bd4 {[%clk 00:38:49]} {[%emt 00:02:11]} 35.
Kd3 {[%clk 00:28:33]} {[%emt 00:01:11]} Rd6 {[%clk 00:38:15]} {[%emt 00:00:28]}
36. Rb7 {[%clk 00:24:57]} {[%emt 00:03:46]} Bb6+ {[%clk 00:36:18]} {[%emt
00:02:31]} 37. Kc3 {[%clk 00:24:14]} {[%emt 00:00:29]} Rc6+ {[%clk 00:36:18]}
{[%emt 00:00:15]} 38. Kd3 {[%clk 00:24:03]} {[%emt 00:00:11]} Nxc2 {[%clk
00:36:18]} {[%emt 00:00:29]} 39. Nd2 {[%clk 00:23:52]} Nb4+ {[%clk 00:33:51]}
{[%emt 00:02:38]} 40. Ke2 {[%clk 00:22:41]} {[%emt 00:01:26]} Nd5 {[%clk
00:31:35]} {[%emt 00:02:18]} 41. h4 {[%clk 00:22:27]} {[%emt 00:00:24]} Rc3
{[%clk 00:30:40]} {[%emt 00:01:21]} 42. Nf3 {[%clk 00:21:58]} {[%emt 00:00:24]}
Rc2+ {[%clk 00:30:18]} {[%emt 00:00:34]} 43. Kd1 {[%clk 00:20:59]} {[%emt
00:01:05]} Ne3+ {[%clk 00:30:15]} {[%emt 00:00:40]} 44. Ke1 {[%clk 00:20:43]}
{[%emt 00:00:09]} Ba5+ {[%clk 00:30:12]} {[%emt 00:00:07]} 45. Nd2 {[%clk
00:20:12]} {[%emt 00:00:44]} Rxd2 {[%clk 00:29:58]} {[%emt 00:00:17]} 46. Rb1
{[%clk 00:19:45]} {[%emt 00:00:40]} Rb2# 0-1

[Event "2024 US National High School (K-12) Championship"]
[Site "Baltimore, Maryland, United States"]
[Date "2024.04.05"]
[Round "2.24"]
[White "Tsybovsky, Anthony"]
[Black "Bhattacharjee, Aharshi"]
[Result "0-1"]
[TimeControl "G/90; d10"]
[WhiteFideId "30975310"]
[BlackFideId "39932117"]
[WhiteElo "1330"]
[BlackElo "1582"]

1. d4 {[%clk 01:30:00]} {[%emt 00:00:15]} d5 {[%clk 01:30:00]} {[%emt
00:00:08]} 2. Bf4 {[%clk 01:30:00]} c5 {[%clk 01:30:00]} 3. e3 {[%clk
01:30:00]} Nc6 {[%clk 01:30:00]} {[%emt 00:00:11]} 4. c3 {[%clk 01:29:18]}
{[%emt 00:00:49]} Qb6 {[%clk 01:29:59]} {[%emt 00:00:11]} 5. Qb3 {[%clk
01:27:27]} {[%emt 00:02:00]} c4 {[%clk 01:29:58]} {[%emt 00:00:17]} 6. Qxb6
{[%clk 01:25:28]} {[%emt 00:02:01]} axb6 {[%clk 01:29:54]} {[%emt 00:00:24]} 7.
Nd2 {[%clk 01:25:12]} {[%emt 00:00:20]} Bf5 {[%clk 01:29:11]} {[%emt 00:00:49]}
8. Ne2 {[%clk 01:23:03]} {[%emt 00:02:48]} e6 {[%clk 01:27:25]} {[%emt
00:01:37]} 9. Ng3 {[%clk 01:23:01]} {[%emt 00:00:05]} Bg6 {[%clk 01:27:21]}
{[%emt 00:00:18]} 10. e4 {[%clk 01:21:47]} {[%emt 00:01:20]} Nf6 {[%clk
01:25:56]} {[%emt 00:01:41]} 11. exd5 {[%clk 01:14:37]} {[%emt 00:07:48]} exd5
{[%clk 01:19:15]} {[%emt 00:06:14]} 12. Be2 {[%clk 01:11:24]} {[%emt 00:03:26]}
Be7 {[%clk 01:14:08]} {[%emt 00:05:31]} 13. O-O {[%clk 01:10:54]} {[%emt
00:00:25]} b5 {[%clk 01:14:00]} {[%emt 00:00:37]} 14. Nf3 {[%clk 01:03:23]}
{[%emt 00:07:23]} h6 {[%clk 01:13:07]} {[%emt 00:01:22]} 15. Ne5 {[%clk
00:57:26]} {[%emt 00:05:44]} Nxe5 {[%clk 00:59:49]} {[%emt 00:13:28]} 16. dxe5
{[%clk 00:44:40]} {[%emt 00:12:56]} Ne4 {[%clk 00:59:09]} {[%emt 00:01:00]} 17.
Nxe4 {[%clk 00:44:17]} {[%emt 00:00:45]} Bxe4 {[%clk 00:56:37]} {[%emt
00:02:50]} 18. f3 {[%clk 00:42:06]} {[%emt 00:02:09]} Bc5+ {[%clk 00:56:19]}
{[%emt 00:00:09]} 19. Kh1 {[%clk 00:41:55]} {[%emt 00:01:12]} Bf5 {[%clk
00:55:59]} 20. Rfd1 {[%clk 00:40:22]} {[%emt 00:01:23]} Be6 {[%clk 00:55:24]}
{[%emt 00:00:54]} 21. a3 {[%clk 00:38:33]} {[%emt 00:01:58]} O-O {[%clk
00:54:20]} {[%emt 00:01:14]} 22. g4 {[%clk 00:32:30]} {[%emt 00:06:29]} Rfd8
{[%clk 00:50:40]} {[%emt 00:03:35]} 23. Bg3 {[%clk 00:23:39]} {[%emt 00:08:25]}
d4 {[%clk 00:48:41]} {[%emt 00:02:46]} 24. cxd4 {[%clk 00:21:48]} {[%emt
00:02:01]} Bxd4 {[%clk 00:48:41]} {[%emt 00:00:19]} 25. Rd2 {[%clk 00:21:27]}
{[%emt 00:01:01]} Rd7 {[%clk 00:36:43]} {[%emt 00:11:49]} 26. Kg2 {[%clk
00:19:14]} {[%emt 00:02:03]} b4 {[%clk 00:27:13]} {[%emt 00:09:54]} 27. Rad1
{[%clk 00:17:55]} {[%emt 00:01:14]} bxa3 {[%clk 00:25:32]} {[%emt 00:01:56]} 28.
bxa3 {[%clk 00:14:57]} {[%emt 00:03:03]} Rad8 {[%clk 00:19:16]} {[%emt
00:06:27]} 29. Rc2 {[%clk 00:08:05]} {[%emt 00:07:01]} c3 {[%clk 00:16:21]}
{[%emt 00:03:05]} 30. Rb1 {[%clk 00:06:35]} {[%emt 00:01:40]} f5 {[%clk
00:14:06]} {[%emt 00:02:25]} 31. h3 {[%clk 00:06:17]} {[%emt 00:00:31]} Ra8
{[%clk 00:12:58]} {[%emt 00:01:15]} 32. Bb5 {[%clk 00:04:42]} {[%emt 00:02:14]}
Rdd8 {[%clk 00:12:14]} {[%emt 00:00:29]} 33. a4 {[%clk 00:04:23]} {[%emt
00:00:26]} fxg4 {[%clk 00:11:07]} {[%emt 00:01:17]} 34. hxg4 {[%clk 00:04:19]}
{[%emt 00:00:28]} g5 {[%clk 00:11:01]} {[%emt 00:00:05]} 35. Rb4 {[%clk
00:03:49]} {[%emt 00:00:36]} Bf7 {[%clk 00:09:34]} {[%emt 00:01:36]} 36. Bc4
{[%clk 00:03:24]} {[%emt 00:00:37]} Bc5 {[%clk 00:06:23]} {[%emt 00:03:33]} 37.
Bxf7+ {[%clk 00:03:15]} {[%emt 00:00:09]} Kxf7 {[%emt 00:00:08]} 38. Rxb7+
{[%clk 00:03:15]} {[%emt 00:00:03]} Be7 {[%clk 00:06:19]} {[%emt 00:00:10]} 39.
Rxc3 {[%clk 00:03:15]} {[%emt 00:00:42]} Rxa4 {[%clk 00:06:19]} 40. Rcc7 {[%clk
00:03:12]} {[%emt 00:00:04]} Ra2+ {[%clk 00:06:19]} 41. Kh3 {[%clk 00:03:07]}
{[%emt 00:00:08]} Rd1 {[%clk 00:05:03]} {[%emt 00:01:17]} 42. Rxe7+ {[%clk
00:02:54]} {[%emt 00:00:37]} Kf8 {[%clk 00:05:03]} 43. Rf7+ {[%clk 00:02:50]}
{[%emt 00:00:09]} Ke8 {[%clk 00:05:03]} {[%emt 00:00:03]} 44. Bh2 {[%clk
00:00:32]} {[%emt 00:02:22]} Rdd2 {[%clk 00:04:09]} {[%emt 00:01:04]} 45. Kg3
{[%clk 00:00:11]} {[%emt 00:00:32]} Rg2+ {[%clk 00:04:09]} {[%emt 00:00:42]} 46.
Kh3 {[%clk 00:00:09]} 0-1

[Event "2024 US National High School (K-12) Championship"]
[Site "Baltimore, Maryland, United States"]
[Date "2024.04.05"]
[Round "2.25"]
[White "Kogan, Jonathan"]
[Black "Sambasivan, Rishi"]
[Result "1-0"]
[TimeControl "G/90; d10"]
[BlackFideId "39926923"]
[WhiteElo "798"]
[BlackElo "626"]

1. e4 {[%clk 01:30:00]} {[%emt 00:00:01]} c5 {[%clk 01:30:00]} {[%emt
00:00:08]} 2. d4 {[%clk 01:29:58]} {[%emt 00:00:13]} cxd4 {[%clk 01:29:56]}
{[%emt 00:00:14]} 3. Qxd4 {[%clk 01:29:58]} {[%emt 00:00:10]} Nc6 {[%clk
01:29:55]} {[%emt 00:00:11]} 4. Qd1 {[%emt 00:00:16]} g6 {[%emt 00:00:12]} 5.
Nf3 {[%clk 01:28:53]} {[%emt 00:00:46]} Bg7 {[%emt 00:01:52]} 6. Bc4 {[%clk
01:28:47]} {[%emt 00:00:20]} e6 {[%clk 01:29:43]} {[%emt 00:00:17]} 7. O-O
{[%clk 01:28:17]} {[%emt 00:00:40]} Nge7 {[%clk 01:29:28]} {[%emt 00:00:23]} 8.
Nc3 {[%clk 01:27:40]} {[%emt 00:00:49]} O-O {[%clk 01:29:10]} {[%emt 00:00:27]}
9. Be3 {[%clk 01:27:23]} {[%emt 00:00:29]} b6 {[%clk 01:27:59]} {[%emt
00:01:18]} 10. Qd2 {[%clk 01:26:42]} {[%emt 00:00:52]} Bb7 {[%clk 01:27:26]}
{[%emt 00:00:45]} 11. Bh6 {[%clk 01:26:09]} {[%emt 00:00:42]} Rc8 {[%clk
01:26:54]} {[%emt 00:00:42]} 12. Bb3 {[%clk 01:24:25]} {[%emt 00:01:56]} Na5
{[%clk 01:26:00]} {[%emt 00:01:04]} 13. Rad1 {[%clk 01:22:06]} {[%emt
00:02:29]} Nxb3 {[%clk 01:24:33]} {[%emt 00:01:35]} 14. axb3 {[%clk 01:21:43]}
{[%emt 00:00:34]} d5 {[%clk 01:22:23]} {[%emt 00:02:21]} 15. e5 {[%clk
01:18:19]} {[%emt 00:03:34]} Nf5 {[%clk 01:21:15]} {[%emt 00:01:18]} 16. Bg5
{[%clk 01:17:45]} {[%emt 00:00:43]} Qd7 {[%clk 01:20:05]} {[%emt 00:01:18]} 17.
Bf6 {[%clk 01:17:23]} {[%emt 00:00:35]} Qc6 {[%clk 01:19:07]} {[%emt 00:01:04]}
18. Nd4 {[%clk 01:15:29]} {[%emt 00:02:08]} Nxd4 {[%clk 01:17:40]} {[%emt
00:01:37]} 19. Qxd4 {[%clk 01:15:17]} {[%emt 00:00:06]} Rfe8 {[%clk 01:16:07]}
{[%emt 00:01:58]} 20. f3 {[%clk 01:14:47]} {[%emt 00:00:41]} Ba6 {[%clk
01:15:29]} {[%emt 00:00:48]} 21. Rfe1 {[%clk 01:14:26]} {[%emt 00:00:30]} Qb7
{[%clk 01:14:24]} {[%emt 00:01:13]} 22. b4 {[%clk 01:13:52]} {[%emt 00:00:47]}
Rc4 {[%clk 01:14:00]} {[%emt 00:00:33]} 23. Qd2 {[%clk 01:12:35]} {[%emt
00:01:26]} d4 {[%clk 01:11:30]} {[%emt 00:02:41]} 24. Ne2 {[%clk 01:12:01]}
{[%emt 00:00:42]} Rec8 {[%clk 01:10:51]} {[%emt 00:00:50]} 25. c3 {[%clk
01:10:06]} {[%emt 00:02:05]} dxc3 {[%clk 01:09:50]} {[%emt 00:01:10]} 26. Nxc3
{[%clk 01:10:01]} {[%emt 00:00:16]} Qc7 {[%clk 01:08:48]} {[%emt 00:01:08]} 27.
h3 {[%clk 01:05:47]} {[%emt 00:04:29]} Rc6 {[%clk 01:07:23]} {[%emt 00:01:30]}
28. b5 {[%clk 01:05:06]} {[%emt 00:00:55]} Bxb5 {[%clk 01:06:25]} {[%emt
00:01:08]} 29. Nxb5 {[%clk 01:05:06]} {[%emt 00:00:08]} Qb7 {[%clk 01:05:27]}
{[%emt 00:01:05]} 30. Nd6 {[%clk 01:04:37]} {[%emt 00:00:42]} Qa6 {[%clk
01:05:03]} {[%emt 00:00:28]} 31. Nxc8 {[%clk 01:04:31]} {[%emt 00:00:20]} Qxc8
{[%clk 01:04:41]} {[%emt 00:00:31]} 32. Qd8+ {[%clk 01:04:26]} {[%emt
00:00:16]} Qxd8 {[%clk 01:03:41]} {[%emt 00:01:02]} 33. Rxd8+ {[%clk 01:04:26]}
Bf8 {[%clk 01:02:58]} {[%emt 00:01:02]} 34. Be7 {[%clk 01:04:26]} {[%emt
00:00:11]} Kg7 {[%clk 01:02:42]} {[%emt 00:00:24]} 35. Bxf8+ {[%clk 01:03:51]}
{[%emt 00:00:45]} Kg8 {[%clk 01:02:39]} {[%emt 00:00:13]} 36. Bh6# {[%emt
00:00:16]} 1-0

[Event "2024 US National High School (K-12) Championship"]
[Site "Baltimore, Maryland, United States"]
[Date "2024.04.05"]
[Round "2.26"]
[White "Khandelwal, Pranshu"]
[Black "Taylor, Preston"]
[Result "1-0"]
[TimeControl "G/90; d10"]
[WhiteElo "627"]
[BlackElo "795"]

1. e4 {[%clk 01:30:00]} {[%emt 00:00:02]} c5 {[%clk 01:30:00]} {[%emt
00:00:04]} 2. Bc4 {[%clk 01:29:40]} {[%emt 00:00:31]} Nc6 {[%clk 01:29:45]}
{[%emt 00:00:25]} 3. Nc3 {[%clk 01:29:28]} {[%emt 00:00:20]} e6 {[%clk
01:29:45]} {[%emt 00:00:11]} 4. d3 {[%clk 01:29:00]} {[%emt 00:00:38]} Nge7
{[%clk 01:29:36]} {[%emt 00:00:19]} 5. Bg5 {[%clk 01:27:16]} {[%emt 00:01:54]}
Qc7 {[%clk 01:28:47]} {[%emt 00:01:00]} 6. Bxe7 {[%clk 01:26:32]} {[%emt
00:00:53]} Bxe7 {[%clk 01:28:47]} {[%emt 00:00:10]} 7. Nb5 {[%clk 01:25:33]}
{[%emt 00:01:09]} Qb6 {[%clk 01:28:00]} {[%emt 00:00:57]} 8. Rb1 {[%clk
01:24:25]} {[%emt 00:01:18]} O-O {[%clk 01:27:13]} {[%emt 00:00:57]} 9. Nc3
{[%clk 01:22:13]} {[%emt 00:02:22]} a6 {[%clk 01:25:52]} {[%emt 00:01:30]} 10.
Bb3 {[%clk 01:22:01]} {[%emt 00:00:22]} Qd8 {[%clk 01:25:07]} {[%emt 00:00:55]}
11. Qf3 {[%clk 01:21:24]} {[%emt 00:00:47]} Nd4 {[%clk 01:24:49]} {[%emt
00:00:28]} 12. Qh3 {[%clk 01:20:47]} {[%emt 00:00:48]} b5 {[%clk 01:24:16]}
{[%emt 00:00:43]} 13. Nf3 {[%clk 01:19:57]} {[%emt 00:01:01]} Bf6 {[%clk
01:22:30]} {[%emt 00:01:55]} 14. e5 {[%clk 01:18:46]} {[%emt 00:01:20]} Nxf3+
{[%clk 01:22:11]} {[%emt 00:00:29]} 15. Qxf3 {[%clk 01:18:37]} {[%emt
00:00:19]} Rb8 {[%clk 01:20:53]} {[%emt 00:01:28]} 16. exf6 {[%clk 01:18:19]}
{[%emt 00:00:28]} g6 {[%clk 01:20:42]} {[%emt 00:00:21]} 17. h4 {[%clk
01:17:59]} {[%emt 00:00:30]} h5 {[%clk 01:20:22]} {[%emt 00:00:29]} 18. Rh3
{[%clk 01:17:29]} {[%emt 00:00:41]} Bb7 {[%clk 01:19:46]} {[%emt 00:00:46]} 19.
Qf4 {[%clk 01:16:21]} {[%emt 00:01:18]} e5 {[%clk 01:18:54]} {[%emt 00:01:01]}
20. Qg5 {[%clk 01:16:01]} {[%emt 00:00:29]} Re8 {[%clk 01:18:33]} {[%emt
00:00:32]} 21. Rg3 {[%clk 01:15:34]} {[%emt 00:00:38]} Kh7 {[%clk 01:17:53]}
{[%emt 00:00:49]} 22. Ne4 {[%clk 01:14:26]} {[%emt 00:01:17]} d6 {[%clk
01:16:54]} {[%emt 00:01:10]} 23. Bxf7 {[%clk 01:13:58]} {[%emt 00:00:39]} Rg8
{[%clk 01:15:56]} {[%emt 00:01:07]} 24. Bxg8+ {[%clk 01:13:41]} {[%emt
00:00:25]} Qxg8 {[%clk 01:15:56]} {[%emt 00:00:07]} 25. f7 {[%clk 01:13:26]}
{[%emt 00:00:25]} Qxf7 {[%clk 01:15:21]} {[%emt 00:00:45]} 26. Nxd6 {[%clk
01:12:13]} {[%emt 00:01:24]} Qg7 {[%clk 01:15:09]} {[%emt 00:00:22]} 27. Nf5
{[%clk 01:11:43]} {[%emt 00:00:40]} Qf8 {[%clk 01:13:30]} {[%emt 00:01:48]} 28.
Qxg6+ {[%clk 01:11:29]} {[%emt 00:00:25]} Kh8 {[%clk 01:13:28]} {[%emt
00:00:12]} 29. Qxh5+ {[%clk 01:11:29]} {[%emt 00:00:05]} Qh6 {[%clk 01:13:25]}
{[%emt 00:00:15]} 30. Qxh6# {[%clk 01:11:29]} {[%emt 00:00:01]} 1-0